000 00381nmm a2200145Ia 4500
008 251105s9999||||xx |||||||||||||||||und||
041 _aspa
100 _aLozano, Teresa
245 0 _aGalaxias
264 _a[Madrid, España] :
_bEquipo Sirius,
_c1991
300 _a106 páginas
650 _aSciences
856 _uhttps://public.digitaliapublishing.com/a/12751
942 _cCF
999 _c104165
_d104165